Lyrics to 'Sleep Deprivation' by Chance Peña - Statistics

General Stats
  • This quiz has been taken 5 times
  • The average score is 126 of 205
Answer Stats
Answer % Correct
a
100%
deprivation
100%
got
100%
I
100%
me
100%
my
100%
Sleep
100%
and
80%
at
80%
down
80%
heels
80%
I'm
80%
in
80%
lost
80%
the
80%
all
60%
ambitious
60%
back
60%
be
60%
been
60%
break
60%
by
60%
day
60%
feels
60%
for
60%
get
60%
heart
60%
how
60%
I'll
60%
is
60%
it
60%
It's
60%
I've
60%
list
60%
mission
60%
night
60%
on
60%
One
60%
out
60%
reasons
60%
see
60%
Settle
60%
settle
60%
So
60%
so
60%
sorrow
60%
taught
60%
This
60%
through
60%
time
60%
to
60%
tomorrow
60%
wait
60%
what
60%
when
60%
where
60%
year
60%
almost
40%
breathing
40%
clarity
40%
Constant
40%
core
40%
doing
40%
done
40%
door
40%
every
40%
exactly
40%
find
40%
God
40%
hanging
40%
know
40%
like
40%
love
40%
more
40%
much
40%
need
40%
outshines
40%
outside
40%
pray
40%
reminder
40%
right
40%
seeing
40%
shakes
40%
some
40%
still
40%
stop
40%
sun
40%
than
40%
That
40%
that
40%
til
40%
Try
40%
way
40%
won't
40%
world
40%
bad
20%
but
20%
family's
20%
freeing
20%
ground
20%
here
20%
hits
20%
knows
20%
Lord
20%
missing
20%
there's
20%
thought
20%
toss
20%
turn
20%
wishes
20%
No matching quizzes found
Score Distribution
Percent of People with Each Score
Percentile by Number Answered
Your Score History
You have not taken this quiz